000 00575nam a2200205Ia 4500
005 20250508164736.0
008 008 250505s9999 xx 000 0 eng d
020 _a978-81-7522-470-4
037 _aTextual
040 _aFEDL
_beng
_cFEDL
041 _aeng
_2eng
084 _a378.54, AGA
_qFEDL
100 _aAgarwal Pawan
245 0 _aIndian higher education : Envisioning the future
260 _aDelhi, India
_bSage Publications
_c2009
300 _axxxiii,488p.
365 _aINR
_b895
942 _cTEXL
_h378.54, AGA
999 _c1390858
_d1390858